Suriname : Request for an Extended Arrangement under the Extended Fund Facility-Press Release; Staff Report; Staff Statement; and Statement by the Executive Director for Suriname.

Suriname faces systemic fiscal and external imbalances as a result of many years of economic mismanagement. Usable foreign reserves were depleted and, in the absence of other sources of budget financing, fiscal deficits were monetized. Inflation has, as a result, surged and there has been a signific...

Ausführliche Beschreibung

Bibliographische Detailangaben
Körperschaft: International Monetary Fund. Western Hemisphere Dept
Format: Zeitschrift
Sprache:English
Veröffentlicht: Washington, D.C. : International Monetary Fund, 2021.
Schriftenreihe:IMF Staff Country Reports; Country Report ; No. 2021/280
Schlagworte:
Online Zugang:Full text available on IMF
LEADER 01868cas a2200289 a 4500
001 AALejournalIMF022264
008 230101c9999 xx r poo 0 0eng d
020 |c 5.00 USD 
020 |z 9781616359799 
022 |a 1934-7685 
040 |a BD-DhAAL  |c BD-DhAAL 
110 2 |a International Monetary Fund.  |b Western Hemisphere Dept. 
245 1 0 |a Suriname :   |b Request for an Extended Arrangement under the Extended Fund Facility-Press Release; Staff Report; Staff Statement; and Statement by the Executive Director for Suriname. 
264 1 |a Washington, D.C. :  |b International Monetary Fund,  |c 2021. 
300 |a 1 online resource (111 pages) 
490 1 |a IMF Staff Country Reports 
500 |a <strong>Off-Campus Access:</strong> No User ID or Password Required 
500 |a <strong>On-Campus Access:</strong> No User ID or Password Required 
506 |a Electronic access restricted to authorized BRAC University faculty, staff and students 
520 3 |a Suriname faces systemic fiscal and external imbalances as a result of many years of economic mismanagement. Usable foreign reserves were depleted and, in the absence of other sources of budget financing, fiscal deficits were monetized. Inflation has, as a result, surged and there has been a significant depreciation of the exchange rate. Public debt, at 148 percent of GDP at end-2020, is unsustainable. In addition, there are important solvency problems embedded in the domestic banking system. 
538 |a Mode of access: Internet 
650 7 |a International Agreements and Observance  |2 imf 
650 7 |a International Organizations  |2 imf 
650 7 |a Monetary Policy  |2 imf 
651 7 |a Suriname  |2 imf 
830 0 |a IMF Staff Country Reports; Country Report ;  |v No. 2021/280 
856 4 0 |z Full text available on IMF  |u http://elibrary.imf.org/view/journals/002/2021/280/002.2021.issue-280-en.xml  |z IMF e-Library